Deutsche Bundesländer - Landeshauptstädte - Statistiken

Allgemein
  • Dieses Quiz wurde 223 mal gespielt
  • Das Durchschnittsergebnis liegt bei 14 aus 16
Antwortstatistiken
Bundesland Hauptstadt % Korrekt
Bayern München
100%
Berlin Berlin
99%
Bremen Bremen
98%
Hamburg Hamburg
98%
Baden-Württemberg Stuttgart
93%
Saarland Saarbrücken
89%
Nordrhein-Westfalen Düsseldorf
87%
Schleswig-Holstein Kiel
86%
Sachsen Dresden
85%
Niedersachsen Hannover
85%
Brandenburg Potsdam
81%
Rheinland-Pfalz Mainz
80%
Mecklenburg-Vorpommern Schwerin
80%
Thüringen Erfurt
78%
Hessen Wiesbaden
77%
Sachsen-Anhalt Magdeburg
76%
Keine übereinstimmenden Quizze gefunden
Verteilung der Resultate
Anzahl Personen mit jedem Resultat
Perzentil nach korrekt beantworteten Fragen
Ihre Resultats-Entwicklung
Sie haben dieses Quiz noch nicht gespielt